000
00213nam a22000857a 4500
008
160624b xxu||||| |||| 00| 0 eng d
100
_9
1084
_a
Melville, H
245
_a
Moby Dick
260
_a
N.Y
_b
New American Library
_c
1961
999
_c
870
_d
870